000 00875cam a22002531 4500
001 ne 68003887
003 DLC
005 20260227111848.0
008 860123s1967 ua b 000 0 arar
010 _ane 68003887
020 _c£E0.90
035 _a(OCoLC)13053669
040 _aDLC
_cTxU
_dTxU
_dDLC
042 _apremarc
050 0 0 _aLAW <Islam 7 Shal 1967>
100 1 _aShalabī, Muḥammad Muṣṭafā.
245 1 0 _aAḥkām al-mawārīth bayna al-fiqh wa-al-qānūn,
_ctaʼlīf Muḥammad Muṣṭafā Shalabī.
250 _a[Ṭabʻah jadīdah]
260 _aal-Iskandarīyah,
_bal-Maktab al-Miṣrī al-Ḥadīth lil-Ṭibāʻah wa-al-Nashr,
_c1967.
300 _a443 p.
_c24 cm.
504 _aBibliographical footnotes.
500 _aNew ed. of the author's Ahkām al-mawārīth fī al-Islām.
650 0 _aInheritance and succession (Islamic law)
999 _c50864
_d50864